Don't blame me i'm a gemini : Astrology for teenagers
| Main Author: | |
|---|---|
| Format: | Book |
| Published: |
Britain :
Bookmarque Ltd ,
2004
|
| Subjects: |
MARC
| LEADER | 00000cam a2200000 7i4500 | ||
|---|---|---|---|
| 001 | 0000052211 | ||
| 005 | 20150921.0 | ||
| 008 | 150921 | ||
| 020 | |a 9781853408458 | ||
| 090 | 0 | 0 | |a 133.5 |b REI |
| 100 | 0 | |a Reinstein,Reina James | |
| 245 | 1 | 0 | |a Don't blame me i'm a gemini : |b Astrology for teenagers |c Reina James Reinstein |
| 260 | |a Britain : |b Bookmarque Ltd , |c 2004 | ||
| 300 | |a 195pg. | ||
| 500 | |a Includes Index | ||
| 650 | 0 | |a Astrology | |
| 999 | |a 0001055314 |b Book |c Adult Collection |e Cawangan Tangkak | ||